| 000 | 00000nam##2200000za#4500 |
| 001 | 9.637082 |
| 003 | CaOODSP |
| 005 | 20210624221033 |
| 007 | cr ||||||||||| |
| 008 | 150407|2010||||xxc|||||o f|0| 0 fre|d |
| 020 | |a978-1-100-93116-6 |
| 040 | |aCaOODSP|bfre |
| 043 | |an-cn--- |
| 086 | 1 |aPH4-59/2009F-PDF |
| 110 | 1 |aCanada.|bProjet de recherche sur les politiques. |
| 245 | 10|aRéalités contemporaines et enjeux émergents auxquels font face les jeunes au Canada : |h[ressource électronique]|bcadre analytique pour la recherche, l'élaboration et l'évaluation des politiques publiques / |c[par] Sandra Franke. |
| 260 | |aOttawa - Ontario : |bProjet de recherche sur les politiques |c[2010]. |
| 300 | |a65p.|bfigures, graphiques, références |
| 590 | |a10-05|b2010-02-05 |
| 691 | 07|aJeunesse|2gcpds |
| 720 | 1 |aFranke, Sandra |
| 775 | 08|tCurrent realities and emerging issues facing youth in Canada : |w(CaOODSP)9.692874 |
| 856 | 40|ahttp://publications.gc.ca|qPDF|s472 Ko|uhttps://publications.gc.ca/collections/collection_2010/policyresearch/PH4-59-2009-fra.pdf |